Sports Quiz

Random Sports or NBA Quiz

NBA 40 Points in a Finals Game Quiz Stats

 Plays Quiz Updated Jun 10, 2018

Score 0/22 Timer 05:00
21 Plays Today
NBA Player % Correct
LeBron James
97.4%
Michael Jordan
96.2%
Kobe Bryant
92.6%
Shaquille O'Neal
88%
Kevin Durant
87.5%
Magic Johnson
81.6%
Wilt Chamberlain
80.5%
Dwyane Wade
78.2%
Kareem Abdul-Jabbar
77.4%
Jerry West
75%
Kyrie Irving
66.3%
NBA Player % Correct
Allen Iverson
64.2%
Isiah Thomas
55.5%
Charles Barkley
50.3%
Elgin Baylor
47.2%
James Worthy
44.5%
Julius Erving
44%
Russell Westbrook
43.3%
John Havlicek
42.2%
Bob Pettit
32.1%
Rick Barry
29.1%
Cliff Hagan
4.5%

You're not logged in!

Compare scores with friends on all Sporcle quizzes.
OR
Log In

You Might Also Like...

Show Comments

Extras

Top Quizzes Today


Score Distribution

Your Account Isn't Verified!

In order to create a playlist on Sporcle, you need to verify the email address you used during registration. Go to your Sporcle Settings to finish the process.

Report this User

Report this user for behavior that violates our Community Guidelines.

Details: